Menggenggam sembilu

Bibliographic Details
Main Author: MAZEMIE Maz
Other Authors: Mali Jaafar (Illustrator)
Format: Book
Published: Kuala Lumpur : Creative Enterprise , 1992
Series:Novel remaja creative
Subjects:

MARC

LEADER 00000cam a2200000 7i4500
001 0000003544
002 000003814
005 20000330.0
020 |a 9838930245 
090 0 0 |a F   |b MAZ 
100 0 |a MAZEMIE Maz 
245 1 0 |a Menggenggam sembilu   |c Mazemie Maz 
260 |a Kuala Lumpur :   |b Creative Enterprise ,   |c 1992 
300 |a 104p. ;   |c 17cm. 
490 0 |a Novel remaja creative 
650 0 0 |a Love stories 
700 0 |a Mali Jaafar ,   |e ill 
999 |a 031839   |b BUKU   |c YOUTH FICTION   |e PERPUSTAKAAN KOMUNITI PETALING JAYA 
999 |a 031840   |b BUKU   |c PINJAMAN   |e PERPUSTAKAAN KOMUNITI PETALING JAYA 
999 |a 031841   |b BUKU   |c YOUTH FICTION   |e PERPUSTAKAAN KOMUNITI PETALING JAYA